00958nam a22002291i 4500001000700000003000900007005001700016008004100033080001200074100003300086245010500119260005500224300002100279490006000300500002700360650003300387710004200420830006500462852005800527999001900585952012400604179600ES-MaACL20250730024614.0111226s1909 sp |||| | spa d a616.9721 aLecha-Marzo, Antonio.97106313aLa sífilis en la descendencia b: higiene de los heredo-sifilíticos / cpor Antonio Lecha-Marzo. aMadrid : bSociedad Española de Higiene, c1909. a31 p. ; c21 cm.1 aLegado Roel: Colección de Memorias Premiadas ; vn. 4 aConcurso de 1907-1908. 4aSífilis congenita.91488342 aSociedad Española de Higiene.9672500aLegado Roel: Colección de memorias premiadasvn. 49183286 aES-MaACLjC-8171(3) z.- Encuadernado con otras obras c179600d179600 00104070aATENEOMbATENEOMcSPALd2011-12-26eDONl0oC-8171(3)p1188674r2023-02-23 00:00:00w2023-02-23yMONOGRAFIA